Sap hr time management : (Record no. 16162)
[ view plain ]
| 000 -LEADER | |
|---|---|
| fixed length control field | 02194nam a2200217 a 4500 |
| 001 - CONTROL NUMBER | |
| control field | ASIN8120340655 |
| 005 - DATE AND TIME OF LATEST TRANSACTION | |
| control field | 20170105102934.0 |
| 008 - FIXED-LENGTH DATA ELEMENTS--GENERAL INFORMATION | |
| fixed length control field | 150707s2010 xxu eng d |
| 020 ## - INTERNATIONAL STANDARD BOOK NUMBER | |
| International Standard Book Number | 8120340655 (paperback) |
| 020 ## - INTERNATIONAL STANDARD BOOK NUMBER | |
| International Standard Book Number | 9788120340657 (paperback) |
| 040 ## - CATALOGING SOURCE | |
| Original cataloging agency | 0 |
| 082 ## - DEWEY DECIMAL CLASSIFICATION NUMBER | |
| Classification number | 658.300285 |
| Author Mark | AGR 2010 |
| 100 1# - MAIN ENTRY--PERSONAL NAME | |
| Personal name | Agrawal, P. K. |
| 245 10 - TITLE STATEMENT | |
| Title | Sap hr time management : |
| Remainder of title | technical reference and learning guide / |
| Statement of responsibility, etc. | P. K. Agrawal. |
| 250 ## - EDITION STATEMENT | |
| Edition statement | 2nd edition. |
| 260 ## - PUBLICATION, DISTRIBUTION, ETC. | |
| Place of publication, distribution, etc. | [S.l.] : |
| Name of publisher, distributor, etc. | Prentice-Hall of India Pvt.Ltd, |
| Date of publication, distribution, etc. | 2010. |
| 300 ## - PHYSICAL DESCRIPTION | |
| Extent | 756 p. ; |
| Dimensions | 24 cm. |
| 520 ## - SUMMARY, ETC. | |
| Summary, etc. | It is a compre-hensive technical manual which explains every single node of the User Menu and the Configuration. The book first gives an overview of a concept explaining what it is, how it is used and how it relates to the other concepts. It then explains its properties, which are fields in a configuration node. This book is designed to be used both as a reference manual and a learning guide. As a learning guide, it offers four views, each for a different target audience. It can be read from the Senior Management's perspective to gain a broad understanding of the subject and what SAP can do for them. Business Process Owners can achieve a higher level of under-standing by getting to know more of SAP concepts and how to perform different tasks in SAP. Users can acquire a thorough understanding of different tasks and concepts underlying them. Functional consultants and proficient users can read the book to gain a complete under-standing of the system. As a technical reference, the book can be used to locate the relevant material through the Table of Contents, Index, 'SAP Menu' and 'SAP Customizing Implementation Guide (IMG)'. The last two follow the Table of Contents. If the reader is in SAP's User Menu or Configuration, the chapter number for these nodes can be found in 'SAP Menu' and 'IMG'. If a node is not covered in the book, the reason for not doing so is mentioned. The implementation of SAP HR Time Management and docu-mentation can also be guided by the structure of this book. |
| 856 40 - ELECTRONIC LOCATION AND ACCESS | |
| Materials specified | Amazon.com |
| Uniform Resource Identifier | <a href="http://www.amazon.com/exec/obidos/ASIN/8120340655/chopaconline-20">http://www.amazon.com/exec/obidos/ASIN/8120340655/chopaconline-20</a> |
| 942 ## - ADDED ENTRY ELEMENTS (KOHA) | |
| Source of classification or shelving scheme | |
| Koha item type | Book |
| Withdrawn status | Lost status | Damaged status | Not for loan | Collection code | Permanent Location | Current Location | Shelving location | Date acquired | Total Checkouts | Full call number | Barcode | Date last seen | Price effective from | Koha item type |
|---|---|---|---|---|---|---|---|---|---|---|---|---|---|---|
| Centre for International Peace & Stability (CIPS) | Centre for International Peace & Stability (CIPS) | General Stacks | 07/07/2015 | 658.300285 AGR 2010 | CIPSD0000209 | 07/07/2015 | 07/07/2015 | Book |
